Biblioteca

Servir a Cristo en la ciudad, por razón de la ciudad (Registro nro. 51582)

Detalles MARC
000 -LÍDER
Campo fijo de descripción fija 01167aab a2200193 i 4500
001 - NÚMERO DE CONTROL
Campo de control 768714001
003 - IDENTIFICADOR DEL NÚMERO DE CONTROL
Campo de control CO-MdFUSB
005 - FECHA Y HORA DE LA ULTIMA TRANSACCIÓN
control field 20240422110447.0
008 - ELEMENTOS DE LONGITUD FIJA -- INFORMACIÓN GENERAL
Campo fijo de descripción fija -- Información general 240411t1985 ag ||||| |||| 00| 0 spa d
040 ## - FUENTE DE CATALOGACIÓN
Idioma de catalogación spa
Agencia que realiza la transcripción CO-MdFUSB
041 ## - CÓDIGO DE IDIOMA
Código de idioma para texto/pista de sonido o título separado spa
100 1# - ASIENTO PRINCIPAL--NOMBRE PERSONAL
Nombre personal Conn, Harvie M.
Término relacionador autor
245 ## - TÍTULO
Título Servir a Cristo en la ciudad, por razón de la ciudad
Mención de responsabilidad / Harvie M. Conn
300 ## - DESCRIPCIÓN FÍSICA
Extensión Volumen 4, número 2 (junio, 1985), páginas: 56 - 57
Dimensiones ; 27 cm
520 ## - NOTA DE RESUMEN, ETC.
Nota de sumario, etc. Las ciudades musulmanas continúan enfrentando los mismos problemas que existen en la ciudad en expansión. Bagdad, Kuwait, Damasco y Ammán gobiernan sus propios países. Ciertos urbanitas lo perciben y se refieren a la ciudad como un "parásito". El crecimiento de las metrópolis simultáneamente crea "sobreurbanización", aumentando la industrialización y las necesidades de los pobres y marginados. Ya no son las ciudades puramente musulmanas del pasado. Tampoco están preparados para adoptar una cultura más occidental.
650 #7 - ASIENTO SECUNDARIO DE MATERIA - TERMINO TEMÁTICO
Término temático o nombre geográfico como elemento de entrada Religión y cultura
9 (RLIN) 388
773 0# - ASIENTO DE ITEM FUENTE
Título Iglesia y Misión
Biblionumber 49402
Itemnumber 59687
Parte(s) relacionada(s) / Volumen., número. (mes año), páginas Volumen 4, número 2 (junio, 1985), páginas: 56 - 57
Enumeración y primera página página: 56
942 ## - TIPO DE MATERIAL (KOHA)
Tipo de Item KOHA Artículos de Revista

No hay ítems disponibles.

Biblioteca FUSBC | Teléfono: (57+4) 349 88 10 Ext. 141| WhatsApp (+57) 3005338115 
E-mail: biblioteca@unisbc.edu.co | Calle 76 87-14 Robledo Palenque, Medellín, Colombia

Con tecnología Koha